[Event "SVR op"]
[Site "Lahnstein"]
[Date "2019.04.20"]
[Round "7"]
[White "Roesch, Felix"]
[Black "Roth, Niklas"]
[Result "1-0"]
[WhiteElo "1612"]
[BlackElo "1264"]
[PlyCount "143"]
[EventDate "2019.04.13"]
[EventType "swiss"]
[EventRounds "7"]
[EventCountry "GER"]
[SourceTitle "EXT 2021"]
[Source "ChessBase"]
[SourceDate "2020.10.23"]
[SourceVersion "1"]
[SourceVersionDate "2020.10.23"]
[SourceQuality "1"]

1. e4 c5 2. Nc3 Nc6 3. g3 g6 4. Bg2 Bg7 5. d3 d6 6. Be3 Nf6 7. Nge2 0-0 8. 0-0 a6 9. h3 Qc7 10. f4 e6 11. Qd2 Rd8 12. g4 Ne7 13. Ng3 Rb8 14. f5 exf5 15. exf5 gxf5 16. Bh6 Bh8 17. Qg5+ Ng6 18. gxf5 Bxf5 19. Nxf5 Re8 20. Rae1 c4 21. Nh4 Qc5+ 22. Qxc5 dxc5 23. Nxg6 hxg6 24. dxc4 b5 25. cxb5 axb5 26. b3 b4 27. Ne4 Nxe4 28. Rxe4 Rxe4 29. Bxe4 Ra8 30. Bd5 Bd4+ 31. Kh1 Ra7 32. Bg5 Rd7 33. Bc4 Kg7 34. Re1 Bf6 35. Bxf6+ Kxf6 36. Kg2 Rd2+ 37. Re2 Rxe2+ 38. Bxe2 g5 39. Kf3 Ke5 40. Kg4 f6 41. Bd3 Ke6 42. Kh5 Ke7 43. Kg6 Ke6 44. Kh5 Kf7 45. Kg4 Ke6 46. Kf3 Kd5 47. Ke3 Ke5 48. Be2 Kd5 49. Kd3 Kc6 50. Kc4 Kd6 51. c3 bxc3 52. Kxc3 Kd5 53. a4 f5 54. a5 Kc6 55. Kc4 g4 56. hxg4 fxg4 57. Bxg4 Kb7 58. Kxc5 Ka7 59. b4 Kb7 60. b5 Ka7 61. a6 Ka8 62. b6 Kb8 63. a7+ Kb7 64. Bf3+ Kc8 65. a8Q+ Kd7 66. Qc6+ Ke7 67. Kd5 Kf7 68. Qe6+ Kf8 69. Qd7 Kg8 70. Ke6 Kh8 71. Kf6 Kg8 72. Qg7# 1-0

[Event "Arber op 7th"]
[Site "Bodenmais"]
[Date "2018.08.03"]
[Round "7"]
[White "Strangmueller, Andreas"]
[Black "Roesch, Felix"]
[Result "1-0"]
[WhiteElo "1980"]
[BlackElo "1523"]
[PlyCount "49"]
[EventDate "2018.07.28"]
[EventType "swiss"]
[EventRounds "9"]
[EventCountry "GER"]
[SourceTitle "CBM 185 Extra"]
[Source "ChessBase"]
[SourceDate "2018.07.29"]
[SourceVersion "1"]
[SourceVersionDate "2018.07.29"]
[SourceQuality "1"]

1. d4 Nf6 2. e3 d5 3. Bd3 c5 4. c3 Nc6 5. Nf3 Bg4 6. Nbd2 e5 7. dxe5 Nxe5 8. Bb5+ Ned7 9. h3 Bf5 10. g4 Bg6 11. g5 Ne4 12. Ne5 Bf5 13. Nxe4 dxe4 14. Qd5 Be6 15. Qxe4 Be7 16. f4 g6 17. Rh2 Rc8 18. Rd2 Rc7 19. b3 Bxh3 20. Bb2 a6 21. Bxd7+ Bxd7 22. 0-0-0 c4 23. Nxd7 Rxd7 24. Rxd7 Qxd7 25. Rxd7 1-0

[Event "Rheinland Pfalz op 10th"]
[Site "Nickenich"]
[Date "2018.06.01"]
[Round "4"]
[White "Nagel, Ralf"]
[Black "Roesch, Felix"]
[Result "1-0"]
[WhiteElo "1699"]
[BlackElo "1487"]
[PlyCount "37"]
[EventDate "2018.05.31"]
[EventType "swiss"]
[EventRounds "7"]
[EventCountry "GER"]
[SourceTitle "EXT 2019"]
[Source "ChessBase"]
[SourceDate "2018.10.10"]
[SourceVersion "1"]
[SourceVersionDate "2018.10.10"]
[SourceQuality "1"]

1. Nf3 c5 2. g3 g6 3. Bg2 Bg7 4. 0-0 Nf6 5. d3 0-0 6. e4 Nc6 7. Nbd2 d6 8. c3 Rb8 9. a4 a6 10. h3 Bd7 11. Re1 Qc8 12. Kh2 e5 13. Nc4 Qc7 14. a5 d5 15. exd5 Nxd5 16. Nfxe5 Nxe5 17. Bxd5 Bxh3 18. Bf4 Ng4+ 19. Qxg4 1-0

[Event "Rheinland Pfalz op 10th"]
[Site "Nickenich"]
[Date "2018.05.31"]
[Round "2"]
[White "Knapp, Michael1111"]
[Black "Roesch, Felix"]
[Result "1-0"]
[WhiteElo "1978"]
[BlackElo "1487"]
[PlyCount "51"]
[EventDate "2018.05.31"]
[EventType "swiss"]
[EventRounds "7"]
[EventCountry "GER"]
[SourceTitle "CBM 184 Extra"]
[Source "ChessBase"]
[SourceDate "2018.06.28"]
[SourceVersion "1"]
[SourceVersionDate "2018.06.28"]
[SourceQuality "1"]

1. d4 Nf6 2. c4 g6 3. Nc3 d5 4. cxd5 Nxd5 5. e4 Nxc3 6. bxc3 Bg7 7. Bc4 0-0 8. Ne2 c5 9. Be3 cxd4 10. cxd4 Nc6 11. 0-0 a6 12. Rc1 Na5 13. Bd3 b5 14. Qd2 Bb7 15. f3 Nc6 16. e5 Qd7 17. Be4 Rfd8 18. Rfd1 f5 19. exf6 exf6 20. Nf4 Rab8 21. Nd3 f5 22. Nc5 Qc7 23. Nxb7 fxe4 24. Nxd8 Rxd8 25. d5 Qb7 26. dxc6 1-0

[Event "GER-ch U25-B"]
[Site "Willingen"]
[Date "2018.05.23"]
[Round "6"]
[White "Cozzuto, Alessandro"]
[Black "Roesch, Felix"]
[Result "1-0"]
[WhiteElo "1635"]
[BlackElo "1511"]
[PlyCount "39"]
[EventDate "2018.05.19"]
[EventType "swiss"]
[EventRounds "9"]
[EventCountry "GER"]
[SourceTitle "CBM 184 Extra"]
[Source "ChessBase"]
[SourceDate "2018.06.28"]
[SourceVersion "1"]
[SourceVersionDate "2018.06.28"]
[SourceQuality "1"]

1. e4 c5 2. Nc3 g6 3. f4 Bg7 4. Nf3 Nc6 5. Bb5 d6 6. 0-0 Nf6 7. d3 0-0 8. Bxc6 bxc6 9. Qe1 Rb8 10. f5 gxf5 11. Qh4 fxe4 12. dxe4 Ba6 13. Rf2 d5 14. Bh6 Qc8 15. h3 dxe4 16. Ng5 Bxh6 17. Qxh6 Re8 18. Rxf6 exf6 19. Qxh7+ Kf8 20. Qxf7# 1-0

[Event "GER-ch U25-B"]
[Site "Willingen"]
[Date "2018.05.22"]
[Round "4"]
[White "Knerr, Sebastian"]
[Black "Roesch, Felix"]
[Result "1-0"]
[WhiteElo "1742"]
[BlackElo "1511"]
[PlyCount "105"]
[EventDate "2018.05.19"]
[EventType "swiss"]
[EventRounds "9"]
[EventCountry "GER"]
[SourceTitle "CBM 184 Extra"]
[Source "ChessBase"]
[SourceDate "2018.06.28"]
[SourceVersion "1"]
[SourceVersionDate "2018.06.28"]
[SourceQuality "1"]

1. d4 Nf6 2. c4 g6 3. Nc3 d5 4. Bf4 a6 5. e3 Bg7 6. Nf3 0-0 7. Be2 c6 8. h3 Re8 9. 0-0 Nbd7 10. Qb3 Nb6 11. cxd5 Nfxd5 12. Nxd5 Nxd5 13. Bc4 e6 14. Bh2 Bf8 15. Rfd1 Bd6 16. Bxd6 Qxd6 17. Bxd5 exd5 18. Rac1 Rb8 19. Qc3 h6 20. Qc5 Qxc5 21. Rxc5 g5 22. Rd3 Bf5 23. Rb3 f6 24. g4 Bb1 25. a3 Ba2 26. Rb6 Bb1 27. Nd2 Bg6 28. Nb3 h5 29. Rc3 Re7 30. Rcxc6 bxc6 31. Rxb8+ Kf7 32. Nc5 f5 33. gxf5 Bxf5 34. Rb7 Rxb7 35. Nxb7 Bxh3 36. Nd8+ Ke7 37. Nxc6+ Kd6 38. Ne5 Be6 39. Nf3 g4 40. Nd2 a5 41. Nb1 h4 42. b4 axb4 43. axb4 Bd7 44. Nc3 Ke6 45. Kg2 Kf5 46. f3 h3+ 47. Kg3 Kf6 48. Nxd5+ Ke6 49. Nf4+ Kd6 50. fxg4 Bxg4 51. Nxh3 Be2 52. Nf4 Kc6 53. Nxe2 1-0

[Event "SVR-op"]
[Site "Hennweiler"]
[Date "2018.03.29"]
[Round "5"]
[White "Lenz, Joshua"]
[Black "Roesch, Felix"]
[Result "0-1"]
[WhiteElo "1332"]
[BlackElo "1391"]
[PlyCount "118"]
[EventDate "2018.03.24"]
[EventType "swiss"]
[EventRounds "7"]
[EventCountry "GER"]
[SourceTitle "EXT 2020"]
[Source "ChessBase"]
[SourceDate "2019.10.17"]
[SourceVersion "1"]
[SourceVersionDate "2019.10.17"]
[SourceQuality "1"]

1. e4 c5 2. c3 g6 3. d4 cxd4 4. cxd4 Bg7 5. Be3 Nc6 6. Nf3 d6 7. Nc3 Nf6 8. Bb5 0-0 9. 0-0 Ng4 10. h3 Nxe3 11. fxe3 e6 12. Qa4 Bd7 13. d5 a6 14. Bxc6 bxc6 15. dxc6 Be8 16. Rad1 Bxc3 17. bxc3 Qc7 18. Rf2 Bxc6 19. Qc4 Rfc8 20. Ng5 Bb5 21. Qxc7 Rxc7 22. Rxd6 h6 23. Nf3 Rxc3 24. Ne5 Rc1+ 25. Kh2 Rf8 26. Ng4 Kg7 27. a4 Rc6 28. Rxc6 Bxc6 29. a5 Bxe4 30. Nf6 Bf5 31. Nd7 Rc8 32. Ne5 Rc5 33. Nf3 Rxa5 34. g4 Be4 35. Nd4 Ra3 36. Re2 Bd5 37. Nc2 Ra2 38. Nd4 Rxe2+ 39. Nxe2 f5 40. Nf4 Kf6 41. Kg3 Be4 42. Kf2 e5 43. Ne2 g5 44. Nc1 a5 45. Na2 a4 46. Nc3 a3 47. Ke2 Bb1 48. gxf5 a2 49. Nxa2 Bxa2 50. e4 h5 51. Kf3 Bb1 52. Ke3 g4 53. h4 Bc2 54. Kf2 Bxe4 55. Kg3 Kxf5 56. Kf2 Kf4 57. Kg1 Kg3 58. Kf1 Kh2 59. Kf2 g3+ 0-1

[Event "SVR-op"]
[Site "Hennweiler"]
[Date "2018.03.24"]
[Round "1"]
[White "Wehner, Fred"]
[Black "Roesch, Felix"]
[Result "1-0"]
[WhiteElo "1980"]
[BlackElo "1391"]
[PlyCount "77"]
[EventDate "2018.03.24"]
[EventType "swiss"]
[EventRounds "7"]
[EventCountry "GER"]
[SourceTitle "EXT 2020"]
[Source "ChessBase"]
[SourceDate "2019.10.17"]
[SourceVersion "1"]
[SourceVersionDate "2019.10.17"]
[SourceQuality "1"]

1. Nf3 d5 2. g3 Nf6 3. Bg2 g6 4. b3 Bg7 5. Bb2 0-0 6. 0-0 Re8 7. d3 Nc6 8. Nbd2 e5 9. e4 d4 10. a4 Be6 11. Ng5 Bd7 12. f4 exf4 13. gxf4 h6 14. Ngf3 Ng4 15. Nc4 Be6 16. h3 Ne3 17. Nxe3 dxe3 18. Bxg7 Kxg7 19. Qe2 Nb4 20. d4 f5 21. e5 Nd5 22. Ne1 g5 23. fxg5 Qxg5 24. c4 Nc3 25. Qd3 Ne4 26. Rf3 Ng3 27. Qxe3 f4 28. Qf2 Ne4 29. Qb2 c6 30. Kh2 Qh4 31. Nd3 Rf8 32. Raf1 Ng3 33. Rg1 Nh5 34. Qd2 Kh8 35. Qf2 Qg5 36. Bf1 Ng3 37. Nxf4 Nxf1+ 38. Qxf1 Qh4 39. Ng6+ 1-0

[Event "Arber op 6th"]
[Site "Bodenmais"]
[Date "2017.08.05"]
[Round "8"]
[White "Weis, Hans Juergen"]
[Black "Roesch, Felix"]
[Result "0-1"]
[WhiteElo "1555"]
[BlackElo "1424"]
[PlyCount "58"]
[EventDate "2017.07.29"]
[EventType "swiss"]
[EventRounds "9"]
[EventCountry "GER"]
[SourceTitle "EXT 2018"]
[Source "ChessBase"]
[SourceDate "2017.10.13"]
[SourceVersion "1"]
[SourceVersionDate "2017.10.13"]
[SourceQuality "1"]

1. d4 d5 2. c4 c6 3. e3 Nf6 4. Nc3 Bf5 5. Nf3 e6 6. a3 a6 7. Qb3 Qc7 8. c5 Nbd7 9. Na4 Be7 10. Nb6 Nxb6 11. Qxb6 Qxb6 12. cxb6 Nd7 13. Be2 Nxb6 14. b3 0-0 15. 0-0 c5 16. Bb2 Rac8 17. Rfc1 c4 18. b4 Na4 19. Bc3 b5 20. Nd2 Rc7 21. f3 Bd3 22. Kf2 a5 23. Bxd3 cxd3 24. Nb1 Rfc8 25. Ke1 Nxc3 26. bxa5 b4 27. axb4 Bxb4 28. Nd2 Nb5 29. a6 Rxc1+ 0-1

[Event "Arber op 6th"]
[Site "Bodenmais"]
[Date "2017.08.04"]
[Round "7"]
[White "Roesch, Felix"]
[Black "Kelemen, Norbert"]
[Result "1/2-1/2"]
[WhiteElo "1424"]
[BlackElo "1683"]
[PlyCount "52"]
[EventDate "2017.07.29"]
[EventType "swiss"]
[EventRounds "9"]
[EventCountry "GER"]
[SourceTitle "CBM 179 Extra"]
[Source "ChessBase"]
[SourceDate "2017.08.23"]
[SourceVersion "1"]
[SourceVersionDate "2017.08.23"]
[SourceQuality "1"]

1. e4 c5 2. Nf3 d6 3. d4 cxd4 4. Nxd4 Nf6 5. Nc3 a6 6. Bc4 e6 7. 0-0 b5 8. Bb3 b4 9. Na4 Nxe4 10. Qf3 d5 11. c4 bxc3 12. Nxc3 Nf6 13. Re1 Bc5 14. Bxd5 Nxd5 15. Qxd5 Qxd5 16. Nxd5 0-0 17. Nb3 Bxf2+ 18. Kxf2 exd5 19. Nd4 Bd7 20. Re5 Nc6 21. Rxd5 Nxd4 22. Rxd7 Rfd8 23. Rxd8+ Rxd8 24. Be3 Nc2 25. Rc1 Nb4 26. Ke2 Re8 1/2-1/2

[Event "Arber op 6th"]
[Site "Bodenmais"]
[Date "2017.08.02"]
[Round "5"]
[White "Roesch, Felix"]
[Black "Lottring, Dieter"]
[Result "1/2-1/2"]
[WhiteElo "1424"]
[BlackElo "1678"]
[PlyCount "72"]
[EventDate "2017.07.29"]
[EventType "swiss"]
[EventRounds "9"]
[EventCountry "GER"]
[SourceTitle "CBM 179 Extra"]
[Source "ChessBase"]
[SourceDate "2017.08.23"]
[SourceVersion "1"]
[SourceVersionDate "2017.08.23"]
[SourceQuality "1"]

1. e4 d6 2. d4 Nf6 3. Nc3 g6 4. Nf3 Bg7 5. Bc4 0-0 6. 0-0 c6 7. e5 dxe5 8. dxe5 Qxd1 9. Rxd1 Ng4 10. Re1 e6 11. h3 Nh6 12. Bg5 Nd7 13. Ne4 Kh8 14. Nd6 Nf5 15. c3 h6 16. Nxf5 gxf5 17. Be7 Re8 18. Bd6 Nb6 19. Bb3 Bf8 20. c4 Bxd6 21. exd6 Nd7 22. Rad1 Rd8 23. Ne5 Nxe5 24. Rxe5 b6 25. a4 c5 26. Rd2 Bb7 27. Re3 a5 28. Bd1 Rd7 29. Bf3 Bxf3 30. Rxf3 Rad8 31. Rfd3 Kg7 32. f4 f6 33. Kf2 Kf7 34. g4 fxg4 35. hxg4 Rg8 36. Kf3 Rgd8 1/2-1/2

[Event "Rheinland Pfalz op 6th"]
[Site "Gau Algesheim"]
[Date "2014.06.21"]
[Round "6"]
[White "Pampel, Dominik"]
[Black "Roesch, Felix"]
[Result "1-0"]
[WhiteElo "1300"]
[BlackElo "981"]
[PlyCount "91"]
[EventDate "2014.06.19"]
[EventType "swiss"]
[EventRounds "7"]
[EventCountry "GER"]
[SourceTitle "CBM 161 Extra"]
[Source "ChessBase"]
[SourceDate "2014.08.29"]
[SourceVersion "1"]
[SourceVersionDate "2014.08.29"]
[SourceQuality "1"]

1. d4 d5 2. c4 c6 3. Nf3 Bg4 4. Bg5 h6 5. Bh4 Nd7 6. e3 Ngf6 7. Nc3 e6 8. cxd5 cxd5 9. Bd3 Be7 10. 0-0 0-0 11. Re1 Qc7 12. e4 dxe4 13. Nxe4 Rfe8 14. Nxf6+ Nxf6 15. Bg3 Bd6 16. Bxd6 Qxd6 17. Rc1 Bxf3 18. gxf3 Qxd4 19. Bh7+ Kxh7 20. Qxd4 Red8 21. Qb4 b6 22. Rc7 Nd5 23. Qe4+ f5 24. Qxe6 Nxc7 25. Qxf5+ Kh8 26. Qf7 Nd5 27. Rd1 Nf6 28. Rxd8+ Rxd8 29. Qxa7 Nd5 30. Kg2 Nb4 31. Qxb6 Nxa2 32. Qxd8+ Kh7 33. Qd6 Nc1 34. b4 Nb3 35. Qd3+ Kh8 36. Qxb3 Kh7 37. b5 Kg6 38. Qd5 h5 39. b6 h4 40. b7 h3+ 41. Kxh3 Kh6 42. b8R Kg6 43. Rb6+ Kh7 44. Qh5+ Kg8 45. Rb7 Kf8 46. Qf7# 1-0

[Event "SVR-op"]
[Site "Heimbach Weis"]
[Date "2014.04.17"]
[Round "4"]
[White "Roesch, Felix"]
[Black "Schroeder, Elisa"]
[Result "0-1"]
[WhiteElo "1045"]
[BlackElo "1568"]
[PlyCount "68"]
[EventDate "2014.04.11"]
[EventType "swiss"]
[EventRounds "7"]
[EventCountry "GER"]
[SourceTitle "CBM 160 Extra"]
[Source "ChessBase"]
[SourceDate "2014.07.01"]
[SourceVersion "1"]
[SourceVersionDate "2014.07.01"]
[SourceQuality "1"]

1. d4 d5 2. c4 c6 3. e3 Nf6 4. Nc3 dxc4 5. Bxc4 b5 6. Bd3 Bb7 7. Nf3 e6 8. e4 a6 9. Bg5 h6 10. Bh4 g5 11. Bg3 c5 12. Bc2 Nc6 13. dxc5 Bxc5 14. e5 Nd7 15. a3 Qc7 16. b4 Ba7 17. 0-0 g4 18. Nh4 Ndxe5 19. Bxe5 Nxe5 20. Qe2 Qxc3 21. Be4 Bxe4 22. Qxe4 Ke7 23. Rac1 Qd4 24. Qc2 Rac8 25. Qxc8 Rxc8 26. Rxc8 Kf6 27. Rc2 Nf3+ 28. Nxf3 gxf3 29. g3 h5 30. h3 Bb8 31. Rc8 Bxg3 32. Rg8 Be5 33. Rh8 Qf4 34. Rg8 Qh2# 0-1

[Event "Rheinland Pfalz op 5th"]
[Site "Worms"]
[Date "2013.06.01"]
[Round "6"]
[White "Roesch, Felix"]
[Black "Becker, Simon"]
[Result "0-1"]
[WhiteElo "818"]
[BlackElo "888"]
[PlyCount "48"]
[EventDate "2013.05.30"]
[EventType "swiss"]
[EventRounds "7"]
[EventCountry "GER"]
[SourceTitle "EXT 2014"]
[Source "ChessBase"]
[SourceDate "2013.11.20"]
[SourceVersion "1"]
[SourceVersionDate "2013.11.20"]
[SourceQuality "1"]

1. e4 e6 2. Nf3 d5 3. d3 Nf6 4. Nc3 Bd6 5. g3 0-0 6. Bg2 Nbd7 7. 0-0 b6 8. Bd2 Bb7 9. Qe2 Nc5 10. Be3 dxe4 11. dxe4 Ncxe4 12. Nxe4 Nxe4 13. Qd3 h6 14. Nh4 f5 15. f3 Nc5 16. Rae1 Nxd3 17. cxd3 f4 18. gxf4 Qxh4 19. Kh1 Bxf4 20. Bxf4 Qxf4 21. Rxe6 Rae8 22. Rxe8 Rxe8 23. Kg1 Qg5 24. f4 Qxg2# 0-1

[Event "Rheinland Pfalz op 5th"]
[Site "Worms"]
[Date "2013.05.31"]
[Round "4"]
[White "Roesch, Felix"]
[Black "Adelmeyer, Matti"]
[Result "0-1"]
[WhiteElo "818"]
[BlackElo "1180"]
[PlyCount "60"]
[EventDate "2013.05.30"]
[EventType "swiss"]
[EventRounds "7"]
[EventCountry "GER"]
[SourceTitle "EXT 2014"]
[Source "ChessBase"]
[SourceDate "2013.11.20"]
[SourceVersion "1"]
[SourceVersionDate "2013.11.20"]
[SourceQuality "1"]

1. e4 e5 2. Nf3 Nc6 3. Bc4 Bc5 4. Nc3 Nf6 5. Ng5 0-0 6. Bxf7+ Rxf7 7. Nxf7 Kxf7 8. b3 Kg8 9. Na4 Bd4 10. c3 Bb6 11. Nxb6 axb6 12. 0-0 d5 13. exd5 Nxd5 14. Ba3 Rxa3 15. Qh5 Nf4 16. Qf3 Qg5 17. Qg3 Ne2+ 18. Kh1 Nxg3+ 19. fxg3 Qxd2 20. Rf3 Bg4 21. Rff1 Rxa2 22. Rxa2 Qxa2 23. h3 Be6 24. b4 Bd5 25. Rg1 Ne7 26. Kh2 Ng6 27. h4 Qf2 28. Kh3 Be6+ 29. g4 Nf4+ 30. Kh2 Qxh4# 0-1

[Event "Rheinland Pfalz op 5th"]
[Site "Worms"]
[Date "2013.05.30"]
[Round "2"]
[White "Roesch, Felix"]
[Black "Grieb, Lukas"]
[Result "0-1"]
[WhiteElo "818"]
[BlackElo "1599"]
[PlyCount "24"]
[EventDate "2013.05.30"]
[EventType "swiss"]
[EventRounds "7"]
[EventCountry "GER"]
[SourceTitle "EXT 2014"]
[Source "ChessBase"]
[SourceDate "2013.11.20"]
[SourceVersion "1"]
[SourceVersionDate "2013.11.20"]
[SourceQuality "1"]

1. e4 c5 2. Nf3 Nc6 3. Bc4 Nf6 4. Ng5 e6 5. Nf3 Nxe4 6. d3 Nf6 7. Bg5 d5 8. Bxf6 Qxf6 9. Bb5 Qxb2 10. Bxc6+ bxc6 11. Nc3 Qxc3+ 12. Qd2 Qxa1+ 0-1